000 00498nam a2200205 i 4500
001 bg
100 1 _aRAJCA, Piotr
245 1 0 _aPo prostu FrontPage /
_cPiotr Rajca.
260 _aGliwice :
_b"Helion",
_c1998.
300 _a434 s. :
_brys. ;
_c23 cm.
650 9 _aFrontPage
655 _aPodręczniki
020 _a8371970749
040 _cBPK
041 0 _apl
080 _a004.42:004.738.52](07)
920 _a83-7197-074-9
942 _cKS
008 s pl f |000 0 pol
999 _c33740
_d33740
856 _uhttp://koha.tu.koszalin.pl/cgi-bin/koha/opac-detail.pl?biblionumber=33740
_yKatalog online BPK